000 00395cam a2200169ua 4500
001 7232
008 060101n1995 II |||gr||||Z||||||eng
040 _aMAIN
041 _aEnglish
082 _a370.54 CHA
100 _aCHAUBE, S. P.
245 _aHISTORY OF INDIAN EDUCATION
260 _aAGRA
_bVINOD PUSTAK MANDIR
_c1995
300 _a280:
_c22CM.
653 _aIndian Education
942 _cBK
999 _c7217
_d7217